[Event "CEDIS Festival saha - 5. turnir"]
[Site "Podgorica"]
[Date "2024.10.05"]
[Round "3.6"]
[White "Vujadinovic, Zeljko"]
[Black "Jovanovic, Luka"]
[Result "1-0"]
[WhiteElo "1863"]
[BlackElo "1545"]
[PlyCount "65"]
[EventDate "2024.10.04"]
[EventType "swiss"]
[EventRounds "5"]
[EventCountry "MNE"]
[SourceDate "2024.10.08"]

1. d4 Nf6 2. Nf3 g6 3. Bg5 Bg7 4. e3 d5 5. c3 Bf5 6. Bd3 Bxd3 7. Qxd3 O-O 8.
Bxf6 Bxf6 9. h4 e6 10. h5 Nd7 11. Nbd2 g5 12. g4 c5 13. O-O-O Qa5 14. Kb1 c4
15. Qc2 Rac8 16. e4 Rc6 17. exd5 exd5 18. Qf5 Rb6 19. Nxc4 Qa4 20. Nxb6 axb6
21. Nxg5 Bxg5 22. Qxg5+ Kh8 23. Qxd5 Ra8 24. h6 Ra5 25. Qxf7 Rg5 26. Rde1 Rg8
27. Re7 Nf8 28. Re8 Qc6 29. Rhe1 Qg6+ 30. Qxg6 hxg6 31. g5 b5 32. R1e7 b6 33.
Rf7 1-0

[Event "CEDIS Festival saha - 5. turnir"]
[Site "Podgorica"]
[Date "2024.10.05"]
[Round "3.7"]
[White "Krsikapa, Milos"]
[Black "Stanic, Stefan"]
[Result "1-0"]
[WhiteElo "1811"]
[BlackElo "1478"]
[PlyCount "59"]
[EventDate "2024.10.04"]
[EventType "swiss"]
[EventRounds "5"]
[EventCountry "MNE"]
[SourceDate "2024.10.08"]

1. e4 Nf6 2. e5 Nd5 3. d4 d6 4. c4 Nb6 5. exd6 exd6 6. Nf3 Bf5 7. Be2 Nc6 8.
O-O Be7 9. Nc3 Qd7 10. a4 a5 11. Be3 Nb4 12. Rc1 Bf6 13. Qb3 O-O 14. Rfd1 Rfe8
15. c5 N6d5 16. Nxd5 Be6 17. Nxf6+ gxf6 18. d5 Nxd5 19. Rxd5 c6 20. Bc4 cxd5
21. Bxd5 Bxd5 22. Qxd5 Re6 23. Nd4 Re5 24. Qxd6 Qe8 25. Qxf6 Rxe3 26. Qg5+ Kh8
27. Qxe3 Qxa4 28. Qe5+ Kg8 29. Nf5 f6 30. Qxf6 1-0

[Event "CEDIS Festival saha - 5. turnir"]
[Site "Podgorica"]
[Date "2024.10.05"]
[Round "3.8"]
[White "Sorochenkov, Alexander"]
[Black "Sorochenkova, Margarita"]
[Result "0-1"]
[WhiteElo "1665"]
[BlackElo "1599"]
[PlyCount "44"]
[EventDate "2024.10.04"]
[EventType "swiss"]
[EventRounds "5"]
[EventCountry "MNE"]
[SourceDate "2024.10.08"]

1. e4 e5 2. Nf3 Nc6 3. Bc4 Nf6 4. d3 Bc5 5. Nc3 d6 6. O-O Bg4 7. Be3 Nd4 8.
Bxd4 Bxd4 9. Rb1 a6 10. h3 Bh5 11. a3 Ba7 12. Na2 O-O 13. c3 c6 14. Re1 Re8 15.
Qb3 b5 16. Nb4 bxc4 17. Qxc4 Qb6 18. Nxc6 Qxf2+ 19. Kh2 Bxf3 20. Rg1 Be3 21.
Kh1 Qg3 22. Rgf1 Qxh3# 0-1

[Event "CEDIS Festival saha - 5. turnir"]
[Site "Podgorica"]
[Date "2024.10.05"]
[Round "3.9"]
[White "Janketic, Milos"]
[Black "Markovic, Janko"]
[Result "1/2-1/2"]
[WhiteElo "1522"]
[BlackElo "1488"]
[PlyCount "76"]
[EventDate "2024.10.04"]
[EventType "swiss"]
[EventRounds "5"]
[EventCountry "MNE"]
[SourceDate "2024.10.08"]

1. e4 e5 2. Nf3 Nc6 3. Bc4 Be7 4. O-O Nf6 5. d3 O-O 6. c3 d6 7. b4 Be6 8. Bxe6
fxe6 9. Qb3 d5 10. Nbd2 Qe8 11. Re1 Qf7 12. exd5 Nxd5 13. Nc4 Nxc3 14. Ncxe5
Nxe5 15. Rxe5 Nd5 16. a3 Bf6 17. Bb2 Bxe5 18. Bxe5 Nf4 19. Bxf4 Qxf4 20. Qxe6+
Qf7 21. Ng5 Qxe6 22. Nxe6 Rf7 23. Rc1 c6 24. g3 Rf6 25. Nf4 Raf8 26. Re1 g5 27.
Nh3 h6 28. f4 gxf4 29. Nxf4 Kf7 30. Re5 Re8 31. Rxe8 Kxe8 32. Kf2 Kf7 33. Ke3
b6 34. g4 a6 35. h4 Ke7 36. d4 Rd6 37. Ke4 Rf6 38. Ke5 Rf7 1/2-1/2

[Event "CEDIS Festival saha - 5. turnir"]
[Site "Podgorica"]
[Date "2024.10.06"]
[Round "4.2"]
[White "Djukanovic, Sreten"]
[Black "Milovic, Ilija"]
[Result "1-0"]
[WhiteElo "2106"]
[BlackElo "1885"]
[PlyCount "85"]
[EventDate "2024.10.04"]
[EventType "swiss"]
[EventRounds "5"]
[EventCountry "MNE"]
[SourceDate "2024.10.08"]

1. d4 d5 2. c4 e6 3. Nc3 Nf6 4. Bg5 Be7 5. e3 O-O 6. Nf3 b6 7. cxd5 Nxd5 8.
Bxe7 Qxe7 9. Nxd5 exd5 10. Rc1 Bf5 11. Be2 Rc8 12. O-O c5 13. dxc5 Rxc5 14.
Rxc5 Qxc5 15. Nd4 Bg6 16. Nb3 Qd6 17. Bf3 Na6 18. Qxd5 Qxd5 19. Bxd5 Rd8 20.
Bc4 Nb4 21. a3 Nc6 22. Rc1 Ne5 23. Be2 h6 24. f4 Nd7 25. Nd4 Be4 26. Rc7 a5 27.
Bc4 Kf8 28. g4 Ke7 29. Kf2 Rb8 30. Bxf7 Kxf7 31. Rxd7+ Kf6 32. h4 b5 33. Rd6+
Kf7 34. f5 Rb7 35. Kg3 b4 36. Kf4 bxa3 37. bxa3 Bb1 38. e4 Ba2 39. g5 hxg5+ 40.
hxg5 a4 41. g6+ Ke7 42. Ra6 Bb3 43. e5 1-0

[Event "CEDIS Festival saha - 5. turnir"]
[Site "Podgorica"]
[Date "2024.10.06"]
[Round "4.3"]
[White "Kisic, Bozidar"]
[Black "Vesovic, Nebojsa"]
[Result "1-0"]
[WhiteElo "2192"]
[BlackElo "1829"]
[PlyCount "71"]
[EventDate "2024.10.04"]
[EventType "swiss"]
[EventRounds "5"]
[EventCountry "MNE"]
[SourceDate "2024.10.08"]

1. d4 Nf6 2. Bg5 d5 3. e3 g6 4. Nd2 Bg7 5. c3 O-O 6. Bd3 Nbd7 7. f4 c5 8. Ngf3
Qb6 9. Rb1 Ng4 10. Qe2 f6 11. Bh4 e5 12. h3 Nh6 13. e4 exf4 14. exd5 Qd8 15.
O-O Re8 16. Qd1 cxd4 17. Nxd4 Ne5 18. Bc2 g5 19. Bf2 Kh8 20. Bb3 Nd3 21. Ne6
Bxe6 22. dxe6 Nxf2 23. Rxf2 Qb6 24. Nc4 Qc5 25. Qd7 Rad8 26. Qxb7 Rxe6 27. Rbf1
Nf5 28. Nd2 Re2 29. Ne4 Qe3 30. Qb5 Rxb2 31. Qxf5 Qb6 32. Kh1 Rxf2 33. Nxf2 Qc6
34. Bc2 Kg8 35. Qxh7+ Kf8 36. Bb3 1-0

[Event "CEDIS Festival saha - 5. turnir"]
[Site "Podgorica"]
[Date "2024.10.06"]
[Round "4.4"]
[White "Dedic, Slavko"]
[Black "Krsikapa, Milos"]
[Result "1/2-1/2"]
[WhiteElo "1882"]
[BlackElo "1811"]
[PlyCount "74"]
[EventDate "2024.10.04"]
[EventType "swiss"]
[EventRounds "5"]
[EventCountry "MNE"]
[SourceDate "2024.10.08"]

1. e4 c5 2. Nf3 d6 3. d4 cxd4 4. Nxd4 Nf6 5. Nc3 Nc6 6. Nf3 g6 7. Be2 Bg7 8.
O-O O-O 9. h3 b6 10. Re1 Bb7 11. Rb1 Nd7 12. Nd5 Rc8 13. c3 h6 14. Bf4 Nce5 15.
Bb5 Nxf3+ 16. Qxf3 Ne5 17. Qe3 Kh7 18. Rbd1 Rc5 19. a4 f5 20. Bxe5 Bxe5 21. f4
Bxd5 22. exd5 Bf6 23. Qd3 Qc7 24. Re3 Kg8 25. Rc1 a5 26. Rce1 Kf7 27. g3 h5 28.
Kh2 Qb7 29. c4 Rc7 30. b3 Qc8 31. Re6 Rh8 32. Qe3 Qb7 33. Kg2 Rd8 34. Kf3 Kg7
35. Qd3 Rf8 36. Rg1 Rcc8 37. Rg2 Kf7 1/2-1/2

[Event "CEDIS Festival saha - 5. turnir"]
[Site "Podgorica"]
[Date "2024.10.06"]
[Round "4.5"]
[White "Vujadinovic, Zeljko"]
[Black "Abramovic, Dragoljub"]
[Result "0-1"]
[WhiteElo "1863"]
[BlackElo "2027"]
[PlyCount "54"]
[EventDate "2024.10.04"]
[EventType "swiss"]
[EventRounds "5"]
[EventCountry "MNE"]
[SourceDate "2024.10.08"]

1. d4 e6 2. Nf3 b6 3. c4 Bb4+ 4. Bd2 Qe7 5. a3 Bxd2+ 6. Nbxd2 Nf6 7. e3 Bb7 8.
Be2 d6 9. O-O Nbd7 10. Rc1 O-O 11. Qc2 c5 12. Bd3 Rac8 13. Qb1 h6 14. h3 Rfe8
15. b4 Rc7 16. e4 e5 17. d5 Nf8 18. Nh4 Bc8 19. Nhf3 Ng6 20. Nh2 Nf4 21. Rc3
N6h5 22. Qd1 Qg5 23. Ng4 Bxg4 24. Qxg4 Nxh3+ 25. Qxh3 Qxd2 26. Rc2 Qg5 27. g3
Nf4 0-1

[Event "CEDIS Festival saha - 5. turnir"]
[Site "Podgorica"]
[Date "2024.10.06"]
[Round "4.6"]
[White "Sorochenkova, Margarita"]
[Black "Mosurovic, Milena"]
[Result "0-1"]
[WhiteElo "1599"]
[BlackElo "1816"]
[PlyCount "70"]
[EventDate "2024.10.04"]
[EventType "swiss"]
[EventRounds "5"]
[EventCountry "MNE"]
[SourceDate "2024.10.08"]

1. e4 c5 2. Nf3 d6 3. d4 cxd4 4. Nxd4 Nf6 5. Nc3 Nc6 6. Nxc6 bxc6 7. Bc4 e5 8.
Bg5 Be7 9. Qd2 h6 10. Bxf6 Bxf6 11. g3 Bg5 12. f4 exf4 13. gxf4 Bh4+ 14. Kd1
Rb8 15. Qd4 Bf6 16. Qxa7 O-O 17. Bb3 Rb4 18. Qe3 Re8 19. Re1 Bg4+ 20. Kc1 Bd4
21. Qg3 Be6 22. Bxe6 Rxe6 23. f5 Re7 24. Qd3 Reb7 25. b3 Qf6 26. Kd2 Be5 27.
Ne2 Bxa1 28. c3 Bxc3+ 29. Qxc3 Qg5+ 30. Kd1 Qe7 31. Rg1 f6 32. Qxc6 Rxe4 33.
Rxg7+ Kxg7 34. Ng3 Re1+ 35. Kc2 Rc7 0-1

[Event "CEDIS Festival saha - 5. turnir"]
[Site "Podgorica"]
[Date "2024.10.06"]
[Round "4.7"]
[White "Lakusic, Zoran"]
[Black "Djendjinovic, Danilo"]
[Result "0-1"]
[WhiteElo "1752"]
[BlackElo "1556"]
[PlyCount "54"]
[EventDate "2024.10.04"]
[EventType "swiss"]
[EventRounds "5"]
[EventCountry "MNE"]
[SourceDate "2024.10.08"]

1. Nf3 d5 2. d4 Nf6 3. c4 c6 4. Nc3 Bf5 5. Nh4 e6 6. Nxf5 exf5 7. Bg5 dxc4 8.
e3 Be7 9. Bxf6 Bxf6 10. Bxc4 O-O 11. O-O f4 12. Qf3 fxe3 13. fxe3 Nd7 14. Rad1
Nb6 15. Bd3 Re8 16. Qf5 Rxe3 17. Qxh7+ Kf8 18. Ne4 Qxd4 19. Qh8+ Ke7 20. Bb1
Rd3+ 21. Nf2 Rxd1 22. Qh7 Rxf1+ 23. Kxf1 Qxb2 24. g4 g6 25. Bxg6 Qxa2 26. Bd3
Qa1+ 27. Kg2 Qe5 0-1

[Event "CEDIS Festival saha - 5. turnir"]
[Site "Podgorica"]
[Date "2024.10.06"]
[Round "4.8"]
[White "Stanic, Stefan"]
[Black "Dorfman, Yelyzaveta"]
[Result "0-1"]
[WhiteElo "1478"]
[BlackElo "1448"]
[PlyCount "96"]
[EventDate "2024.10.04"]
[EventType "swiss"]
[EventRounds "5"]
[EventCountry "MNE"]
[SourceDate "2024.10.08"]

1. e4 e5 2. f4 d5 3. exd5 exf4 4. d4 Qh4+ 5. Kd2 Nf6 6. Qe1+ Qxe1+ 7. Kxe1 Nxd5
8. c4 Nb4 9. Kd1 Bf5 10. Na3 N8c6 11. Nf3 O-O-O 12. d5 Bc5 13. Bxf4 Nd4 14.
Nxd4 Bxd4 15. Bxc7 Rd7 16. Kc1 Be3+ 17. Kd1 Rxc7 18. Nb5 Rd7 19. a3 Nc2 20. Ra2
a6 21. Nc3 Re8 22. Be2 Nd4 23. Rf1 Bc2+ 24. Ke1 Bb3 25. Bg4 f5 26. Bxf5 Nxf5
27. Rxf5 Bxa2 28. Nxa2 Bd4+ 29. Kd2 Bxb2 30. Nc3 Bxc3+ 31. Kxc3 Re3+ 32. Kb4
a5+ 33. Kxa5 Rxa3+ 34. Kb5 Rc3 35. c5 Rd3 36. d6 Kb8 37. Kb6 Rb3+ 38. Ka5 Rd8
39. Rf7 b6+ 40. Ka6 bxc5 41. Rxg7 Rxd6+ 42. Ka5 Rc6 43. Rxh7 c4 44. h4 c3 45.
Rh8+ Rc8 46. Rxc8+ Kxc8 47. Ka4 c2 48. h5 c1=Q 0-1

[Event "CEDIS Festival saha - 5. turnir"]
[Site "Podgorica"]
[Date "2024.10.06"]
[Round "4.9"]
[White "Jovanovic, Luka"]
[Black "Janketic, Milos"]
[Result "1-0"]
[WhiteElo "1545"]
[BlackElo "1522"]
[PlyCount "57"]
[EventDate "2024.10.04"]
[EventType "swiss"]
[EventRounds "5"]
[EventCountry "MNE"]
[SourceDate "2024.10.08"]

1. e4 c5 2. c3 d5 3. exd5 Qxd5 4. d4 cxd4 5. cxd4 Nc6 6. Nf3 Bg4 7. Be2 Nf6 8.
Nc3 Qd7 9. Be3 e6 10. O-O Nd5 11. h3 Nxe3 12. fxe3 Bh5 13. Ng5 Bxe2 14. Qxe2 f6
15. Nge4 O-O-O 16. Rfd1 f5 17. Nc5 Bxc5 18. dxc5 Qe7 19. Na4 h5 20. a3 g5 21.
b4 Ne5 22. Rac1 Rxd1+ 23. Qxd1 Qd7 24. Qxd7+ Kxd7 25. Rd1+ Kc6 26. Rd6+ Kb5 27.
Nb2 Re8 28. Kf2 a5 29. Rb6# 1-0

[Event "CEDIS Festival saha - 5. turnir"]
[Site "Podgorica"]
[Date "2024.10.06"]
[Round "4.10"]
[White "Markovic, Janko"]
[Black "Sorochenkov, Alexander"]
[Result "1-0"]
[WhiteElo "1488"]
[BlackElo "1665"]
[PlyCount "103"]
[EventDate "2024.10.04"]
[EventType "swiss"]
[EventRounds "5"]
[EventCountry "MNE"]
[SourceDate "2024.10.08"]

1. e4 c5 2. Nf3 d6 3. d4 cxd4 4. Nxd4 Nf6 5. Nc3 g6 6. Be2 Bg7 7. Be3 O-O 8.
O-O a6 9. Qd2 Ng4 10. Bxg4 Bxg4 11. Bh6 Qb6 12. Bxg7 Kxg7 13. Na4 Qc7 14. Qc3
Qxc3 15. Nxc3 Nc6 16. Nxc6 bxc6 17. f3 Be6 18. f4 f5 19. e5 h6 20. Rad1 Rfd8
21. Rfe1 d5 22. Na4 Kf7 23. Rd3 Rab8 24. Rc3 Rb4 25. b3 Rc8 26. g3 d4 27. Rd3
Bd5 28. Red1 c5 29. c3 dxc3 30. Rxd5 e6 31. Rxc5 c2 32. Rc1 Rd8 33. R5xc2 Re4
34. Rc7+ Kg8 35. Rc8 Red4 36. Rxd8+ Rxd8 37. Rc2 Rd1+ 38. Kg2 g5 39. fxg5 hxg5
40. Nc5 Rd5 41. Nxe6 Rxe5 42. Nxg5 Kg7 43. Kf3 Kg6 44. Kf4 Rd5 45. Rc6+ Kh5 46.
Nf3 Ra5 47. Ne5 Rxa2 48. g4+ fxg4 49. Nxg4 Rf2+ 50. Nxf2 a5 51. Ng4 a4 52. Rh6#
1-0

[Event "CEDIS Festival saha - 5. turnir"]
[Site "Podgorica"]
[Date "2024.10.06"]
[Round "5.2"]
[White "Milovic, Ilija"]
[Black "Kisic, Bozidar"]
[Result "0-1"]
[WhiteElo "1885"]
[BlackElo "2192"]
[PlyCount "58"]
[EventDate "2024.10.04"]
[EventType "swiss"]
[EventRounds "5"]
[EventCountry "MNE"]
[SourceDate "2024.10.08"]

1. d4 d5 2. c4 e5 3. dxe5 d4 4. Nf3 Nc6 5. a3 Bg4 6. Nbd2 Qe7 7. h3 Bh5 8. Qa4
O-O-O 9. g4 Bg6 10. Bg2 Kb8 11. O-O h5 12. g5 f6 13. exf6 gxf6 14. gxf6 Nxf6
15. b4 Ne4 16. Nxe4 Bxe4 17. Bg5 Qg7 18. h4 Be7 19. Bxe7 Qxe7 20. Ng5 Bxg2 21.
Kxg2 Rhg8 22. f3 Rxg5+ 23. hxg5 Qxg5+ 24. Kh3 Qf5+ 25. Kh2 Qe5+ 26. Kh3 Qe6+
27. Kg3 Qxe2 28. Rae1 Rg8+ 29. Kf4 Qd2+ 0-1

[Event "CEDIS Festival saha - 5. turnir"]
[Site "Podgorica"]
[Date "2024.10.06"]
[Round "5.3"]
[White "Abramovic, Dragoljub"]
[Black "Krsikapa, Milos"]
[Result "1-0"]
[WhiteElo "2027"]
[BlackElo "1811"]
[PlyCount "93"]
[EventDate "2024.10.04"]
[EventType "swiss"]
[EventRounds "5"]
[EventCountry "MNE"]
[SourceDate "2024.10.08"]

1. d4 Nf6 2. Bg5 d5 3. Nf3 Ne4 4. Bf4 c5 5. c3 Nc6 6. e3 Qb6 7. Qb3 c4 8. Qc2
h6 9. Nbd2 Bf5 10. Nxe4 Bxe4 11. Qc1 e6 12. Nd2 Bg6 13. Be2 Be7 14. O-O O-O 15.
e4 Rfe8 16. Bg3 Bf8 17. Kh1 Qd8 18. e5 b5 19. a3 a5 20. f4 b4 21. Bd1 Qb6 22.
Bc2 Bxc2 23. Qxc2 Ne7 24. Bf2 Reb8 25. Rfb1 g6 26. g4 Bg7 27. Kg2 Ra7 28. Bh4
Nc6 29. f5 Nxd4 30. cxd4 Qxd4 31. h3 b3 32. Qc1 Rab7 33. Nf3 Qe4 34. f6 Bf8 35.
Bf2 a4 36. Qc3 Qc2 37. Rc1 Qxc3 38. Rxc3 Rc8 39. Be3 g5 40. h4 gxh4 41. Nxh4
Bc5 42. Bxh6 Bd4 43. Rh3 Bxe5 44. Bg7 Bxf6 45. Bxf6 Kf8 46. Nf3 Ke8 47. Ne5 1-0

[Event "CEDIS Festival saha - 5. turnir"]
[Site "Podgorica"]
[Date "2024.10.06"]
[Round "5.4"]
[White "Mosurovic, Milena"]
[Black "Dedic, Slavko"]
[Result "1/2-1/2"]
[WhiteElo "1816"]
[BlackElo "1882"]
[PlyCount "73"]
[EventDate "2024.10.04"]
[EventType "swiss"]
[EventRounds "5"]
[EventCountry "MNE"]
[SourceDate "2024.10.08"]

1. e4 b6 2. d4 e6 3. Nf3 d5 4. exd5 exd5 5. Bd3 Nf6 6. O-O Be7 7. Bf4 O-O 8.
Re1 Bg4 9. Nbd2 Bd6 10. Bxd6 Qxd6 11. c3 Nbd7 12. Qc2 Rfe8 13. a4 a5 14. Bb5 c6
15. Bd3 Bh5 16. Rab1 c5 17. dxc5 Nxc5 18. Rbd1 Nxd3 19. Qxd3 Qc6 20. Qd4 Qc5
21. Rc1 Bg4 22. Nb3 Qxd4 23. Nbxd4 Bd7 24. b3 Ne4 25. c4 dxc4 26. Rxc4 Nc5 27.
Rcc1 f6 28. Nd2 Rxe1+ 29. Rxe1 Re8 30. Rxe8+ Bxe8 31. Kf1 Kf8 32. Ke2 Bg6 33.
Ke3 Bf7 34. Ke2 g6 35. Kd1 Ke7 36. Kc2 Kd6 37. f3 1/2-1/2

[Event "CEDIS Festival saha - 5. turnir"]
[Site "Podgorica"]
[Date "2024.10.06"]
[Round "5.5"]
[White "Djendjinovic, Danilo"]
[Black "Vujadinovic, Zeljko"]
[Result "0-1"]
[WhiteElo "1556"]
[BlackElo "1863"]
[PlyCount "80"]
[EventDate "2024.10.04"]
[EventType "swiss"]
[EventRounds "5"]
[EventCountry "MNE"]
[SourceDate "2024.10.08"]

1. d4 d5 2. Nf3 Nf6 3. Bf4 c6 4. e3 Bg4 5. c4 Bxf3 6. Qxf3 e6 7. Nc3 Bb4 8. Qd1
Qa5 9. Qb3 Ne4 10. Rc1 Nd7 11. a3 Bxc3+ 12. bxc3 Qb6 13. Qb4 Qxb4 14. cxb4 g5
15. Bg3 h5 16. f3 Nxg3 17. hxg3 Nf6 18. Be2 Kd7 19. Kd2 Rag8 20. cxd5 exd5 21.
Bd3 g4 22. f4 Ra8 23. Rb1 b6 24. Rbc1 Rhc8 25. Bf5+ Kd6 26. Bxc8 Rxc8 27. Kd3
Rh8 28. Rh4 Ne4 29. a4 Nxg3 30. b5 c5 31. dxc5+ bxc5 32. Rb1 c4+ 33. Kc3 Kc5
34. Rb2 f5 35. Rb1 Re8 36. Kd2 Re6 37. Rhh1 Nxh1 38. Rxh1 Rh6 39. g3 Kb4 40.
Ra1 h4 0-1

[Event "CEDIS Festival saha - 5. turnir"]
[Site "Podgorica"]
[Date "2024.10.06"]
[Round "5.6"]
[White "Vesovic, Nebojsa"]
[Black "Jovanovic, Luka"]
[Result "0-1"]
[WhiteElo "1829"]
[BlackElo "1545"]
[PlyCount "99"]
[EventDate "2024.10.04"]
[EventType "swiss"]
[EventRounds "5"]
[EventCountry "MNE"]
[SourceDate "2024.10.08"]

1. Nf3 d5 2. c4 e6 3. g3 Nf6 4. Bg2 c5 5. cxd5 exd5 6. O-O Bd6 7. d3 O-O 8. a4
Re8 9. h4 h5 10. Bg5 Bg4 11. Nc3 Be7 12. Rc1 Nc6 13. Re1 a6 14. Nh2 d4 15. Nb1
Qb6 16. b3 Be6 17. Nd2 Ne5 18. Nc4 Bxc4 19. bxc4 Nc6 20. Rb1 Nb4 21. Bf3 g6 22.
Kg2 Kg7 23. e4 Nd7 24. Bxe7 Rxe7 25. Bxh5 gxh5 26. Qxh5 Qg6 27. Qxg6+ fxg6 28.
Red1 Ne5 29. Rb3 Nexd3 30. f3 Ne5 31. f4 Nxc4 32. Kf3 b5 33. axb5 axb5 34. e5
Ra2 35. Ng4 Nd2+ 36. Rxd2 Rxd2 37. Rb1 Rd3+ 38. Kf2 Ra7 39. Nf6 Ra2+ 40. Kf1
Rf3+ 41. Kg1 Rxg3+ 42. Kh1 Rh3+ 43. Kg1 Rah2 44. Rf1 Rh1+ 45. Kg2 Rxf1 46. Kxf1
Rf3+ 47. Ke2 Rxf4 48. h5 Rxf6 49. h6+ Kxh6 50. e6 0-1

[Event "CEDIS Festival saha - 5. turnir"]
[Site "Podgorica"]
[Date "2024.10.06"]
[Round "5.7"]
[White "Dorfman, Yelyzaveta"]
[Black "Lakusic, Zoran"]
[Result "0-1"]
[WhiteElo "1448"]
[BlackElo "1752"]
[PlyCount "52"]
[EventDate "2024.10.04"]
[EventType "swiss"]
[EventRounds "5"]
[EventCountry "MNE"]
[SourceDate "2024.10.08"]

1. e4 e5 2. Nf3 Nc6 3. Bc4 h6 4. c3 Nf6 5. d4 exd4 6. cxd4 Bb4+ 7. Bd2 Nxe4 8.
O-O Nxd2 9. Nbxd2 d5 10. Bb5 O-O 11. Rc1 Qf6 12. Nb3 Bg4 13. h3 Bh5 14. Qd3 Bg6
15. Qe2 Rfe8 16. Qd1 Re6 17. a3 Bd6 18. Re1 Be4 19. Nbd2 Rae8 20. Nxe4 Rxe4 21.
Rxe4 Rxe4 22. Qa4 Nxd4 23. Nxd4 Rxd4 24. Qxa7 Qf4 25. Rc3 Rd1+ 26. Bf1 Qh2# 0-1

[Event "CEDIS Festival saha - 5. turnir"]
[Site "Podgorica"]
[Date "2024.10.06"]
[Round "5.8"]
[White "Markovic, Janko"]
[Black "Sorochenkova, Margarita"]
[Result "0-1"]
[WhiteElo "1488"]
[BlackElo "1599"]
[PlyCount "34"]
[EventDate "2024.10.04"]
[EventType "swiss"]
[EventRounds "5"]
[EventCountry "MNE"]
[SourceDate "2024.10.08"]

1. e4 e5 2. Nf3 Nc6 3. Bc4 Nf6 4. Ng5 d5 5. exd5 Na5 6. Be2 Nxd5 7. Nf3 Nf4 8.
O-O e4 9. Ne1 Qg5 10. g3 Bh3 11. d3 Nxe2+ 12. Qxe2 Qxc1 13. Qxe4+ Be7 14. Ng2
Qxb2 15. Nd2 Qxc2 16. Nf3 Qc6 17. Qe3 O-O-O 0-1

[Event "CEDIS Festival saha - 5. turnir"]
[Site "Podgorica"]
[Date "2024.10.06"]
[Round "5.9"]
[White "Janketic, Milos"]
[Black "Stanic, Stefan"]
[Result "0-1"]
[WhiteElo "1522"]
[BlackElo "1478"]
[PlyCount "96"]
[EventDate "2024.10.04"]
[EventType "swiss"]
[EventRounds "5"]
[EventCountry "MNE"]
[SourceDate "2024.10.08"]

1. e4 e5 2. Nc3 Nc6 3. f4 d6 4. Nf3 Nf6 5. fxe5 dxe5 6. Bb5 Bg4 7. d3 a6 8.
Bxc6+ bxc6 9. h3 Bxf3 10. Qxf3 Be7 11. O-O O-O 12. Qg3 Kh8 13. Qxe5 Re8 14. Bf4
Bd6 15. Qg5 Bxf4 16. Rxf4 Qb8 17. b3 Qb6+ 18. Kf1 Qd4 19. Qa5 Re5 20. Qxc7 Qxc3
21. Re1 Ree8 22. Qxf7 Nd5 23. Rg4 Rf8 24. Rxg7 Rxf7+ 25. Rxf7 Ne3+ 26. Rxe3
Qxc2 27. Rg3 Qc3 28. Kf2 Qc5+ 29. Ke2 Qh5+ 30. Rff3 Rg8 31. Ke3 Qc5+ 32. d4
Qc3+ 33. Kf2 Qd2+ 34. Kg1 Qe1+ 35. Kh2 Rxg3 36. Rxg3 Qxe4 37. Rc3 c5 38. Rxc5
Qxd4 39. Rc8+ Kg7 40. Rc7+ Kh6 41. Rc6+ Kh5 42. Rxa6 Qf4+ 43. Kg1 Qe3+ 44. Kh2
Qe5+ 45. Kg1 Qc5+ 46. Kh2 Qb5 47. g4+ Kg5 48. Ra7 Qb8+ 0-1